Регионална библиотека "Любен Каравелов" - Русе

Есенен пейзаж : 10 япон. разказвачи (Запис номер 114565)

MARC детайли
000 -Лидер
Контролно поле с фиксирана дължина 01779nam a2200361 c 4500
003 - Код на организацията, давaща контролен номер
Контролно поле BLK
005 - Дата и час на последна редакция
Контролно поле 20200827083119.0
008 - Елементи от данни с фиксирана дължина
fixed length control field 180409b bul|||||r ||||||| ||bul||
010 ## - Наследен системен номер
LC control number KNG00119996000
040 ## - Източник на каталожния запис
Идентификатор на билиотеката - собственик на записа BLK
041 ## - Код за език
Код за езика на текст/звукозапис или на отделно заглавие Български
Код за езика КДБФ Български
080 ## - УДК
Текстов определител УДК Японска литература
УДК код - определител по УДК 821.521
УДК определител -32
УДК - код + определител 821.521-32
139 ## - Редно поле
Редна дума Есенен пейзаж : 10 япон. разказвачи
Авторски знак Есе - Е 86
245 10 - Сведения за заглавието
Заглавие Есенен пейзаж : 10 япон. разказвачи
Подзаглавни данни Сб. разкази
Редно поле (дума) състав. и предг. от Цветана Кръстева; прев. от япон. Дора Минчева Барова; * Вера Вутова; * Нели Чалъкова; * Ружица Угринова; * Цветана Кръстева.
257 ## - Страна на издаване
Страна на създаване/издаване Япония
260 ## - Област на издателските данни
Място на издаване, разпространение и проч. София
Име на издателя, разпространителя и проч. Нар. култура
Година на издаване 1985
300 ## - Физическа характеристика
Страници 304
Размери/Мащаб 17 см
380 ## - Жанр
Жанр Худож. лит.
490 ## - СЕРИИ (Колекции)
Име на серия Библиотека Панорама
№: серия 178
9 (RLIN) 201932
490 ## - СЕРИИ (Колекции)
Име на серия Серия Проза
№: серия 132
9 (RLIN) 201933
500 ## - Общи забележки
Забележка Съдържа и кратки биогр. бел. за поместентие в сб. авт. - Други прев. : В. Вутова, Н. Чалъкова, Р. Угринова, Цв. Кръстева. - 15 125 тир.
700 1# - Други автори (авторска отговорност)
Лично име Кръстева, Цветана
Автороска отговорност (Описва отношението между автора и произведението) състав. и предг. от
9 (RLIN) 376224
700 1# - Други автори (авторска отговорност)
Лично име Барова, Дора Минчева
Автороска отговорност (Описва отношението между автора и произведението) прев. от япон.
9 (RLIN) 368178
700 1# - Други автори (авторска отговорност)
Лично име Вутова, Вера
Автороска отговорност (Описва отношението между автора и произведението) *
9 (RLIN) 376225
700 1# - Други автори (авторска отговорност)
Лично име Чалъкова, Нели
Автороска отговорност (Описва отношението между автора и произведението) *
9 (RLIN) 366468
700 1# - Други автори (авторска отговорност)
Лично име Угринова, Ружица
Автороска отговорност (Описва отношението между автора и произведението) *
9 (RLIN) 376226
700 1# - Други автори (авторска отговорност)
Лично име Кръстева, Цветана
Автороска отговорност (Описва отношението между автора и произведението) *
9 (RLIN) 376224
852 ## - Местоположение
Форматна сигнатура Цб І 21895
856 4# - Електронен адрес и достъп
Електронен формат pdf - файл
856 4# - Електронен адрес и достъп
Електронен формат pdf - файл
999 ## - СИСТЕМНИ КОНТРОЛНИ НОМЕРА
Koha biblionumber 114565
Koha biblioitemnumber 114565
942 ## - АРТИКУЛИ
Вид на библиотечния материал Книги
Скрит в OPAC Не
Периодичен библиозапис Да
944 ## - СЪЗДАВАНЕ И РЕДАКЦИЯ на ЗАПИСА
Създаване/Редакция Създаване
Дата на регистрацията/редакция 19.10.2016
Служител, извършил регистрацията/редакцията Кина_Георгиева
944 ## - СЪЗДАВАНЕ И РЕДАКЦИЯ на ЗАПИСА
Създаване/Редакция Редакция
Дата на регистрацията/редакция 19.10.2016
Служител, извършил регистрацията/редакцията Кина_Георгиева
999 ## - СИСТЕМНИ КОНТРОЛНИ НОМЕРА
Koha biblioitemnumber 114565
Наличности
Код за отписване Код за изгубен артикул Източник на класификационната схема Код за повреда Коз за рестрикции Код за отдаване Артикулен № Име на библиотеката - собственик Име на библиотеката, в която се намира в момента Статус (Текущо местоположение) Дата на вписване в системата Местоположение - отдел Цена в лева Инвентарен номер Систематично азбучна сигнатура Баркод Номер на екземпляра Цена в евро Служебна бележка Служебен тип на артикула
Изтеглен Не е изгубен Universal Decimal Classification Не е повреден без рестрикции заемане за дома 183770 Регионална библиотека "Любен Каравелов" Русе Регионална библиотека "Любен Каравелов" Русе Заемна - подръчен фонд 1985-01-01 Заемна - подръчен фонд 1.37 430141 П 895-32/Е 86 430141 1 0.70 N: стар фонд Дата: 01.01.1985 Книги
Изтеглен Не е изгубен Universal Decimal Classification Не е повреден без рестрикции заемане за дома 183771 Регионална библиотека "Любен Каравелов" Русе Регионална библиотека "Любен Каравелов" Русе Заемна - подръчен фонд 1985-01-01 Заемна - подръчен фонд 1.37 430138 П 895-32/Е 86 430138 2 0.70 N: стар фонд Дата: 01.01.1985 Дата инв: 08.02.2018 Бележки инв: П2018 Книги
Изтеглен Не е изгубен Universal Decimal Classification Не е повреден без рестрикции заемане за дома 183772 Регионална библиотека "Любен Каравелов" Русе Регионална библиотека "Любен Каравелов" Русе Заемна - подръчен фонд 1985-01-01 Заемна - подръчен фонд 1.37 430137 П 895-32/Е 86 430137 3 0.70 N: стар фонд Дата: 01.01.1985 Книги
  Не е изгубен Universal Decimal Classification Не е повреден без рестрикции ползва се в читалня 183773 Регионална библиотека "Любен Каравелов" Русе Регионална библиотека "Любен Каравелов" Русе Хранилище 1985-01-01 Хранилище 1.37 428756 Цб І 21895 120000428756 4 0.70 N: стар фонд Дата: 01.01.1985 Книги
Vip Innovations Ltd, Rousse, Bulgaria 2025